| 000 | 00367nam a22001697a 4500 | ||
|---|---|---|---|
| 005 | 20160629164317.0 | ||
| 008 | 160629b xxu||||| |||| 00| 0 eng d | ||
| 020 | _a0-7619-9525-0 | ||
| 041 | _aeng | ||
| 082 | _b10849 | ||
| 100 |
_aKapoor, Jagdeep _91508 |
||
| 245 | _aBrand Mantras | ||
| 260 | _bSage | ||
| 300 | _a111 | ||
| 650 |
_aManagement _9241 |
||
| 942 | _cBK | ||
| 999 |
_c4750 _d4748 |
||